000 00540nam a22001817i 4500
020 _a9718558403
050 1 4 _aBF 721
_bG12
100 1 _aGaerlan, Josefina
245 _aGeneral psychology
_cJosefina Gaerlan..[et.al]
250 _aFifth Edition
264 1 _aQuezon City:
_bKen Publishing,
_c2000.
300 _avii, 272 pages;
_c23 cm.
336 _atext
_btxt
_2rdacontent
337 _aunmediated
_bn
_2rdamedia
338 _avolume
_bnc
_2rdacarrier
650 _a1.Psychology. I.Limpingco, Delia II.Tria,Geraldine III.Title
942 _cF
999 _c3765
_d3765